| 000 | 02133Cam#a2200421#a#4500 | ||
|---|---|---|---|
| 005 | 20220224182327.0 | ||
| 008 | 160309s2012||||ag abo j#f #000|0#spa#d | ||
| 020 | _a9789501303803 | ||
| 040 |
_aAR-BeUNQ _bspa |
||
| 082 | 0 | 4 |
_a507 _221 |
| 245 | 0 | 0 |
_aCiencias naturales : _bsistemas en interacción. _cautoría, Ariel Carranza... [et al.] ; edición, Silvana Franzetti. _n1 / |
| 250 | _a1a. ed., 1a. reimpr. | ||
| 260 |
_aBuenos Aires : _bKapelusz, _cc2012. |
||
| 300 |
_a223 p. : _bil., fot., mapas ; _c28 cm + _e1 cuaderno de actividades |
||
| 490 | 1 | _aNuevos desafíos | |
| 500 | _aMaterial complementario: Multibloc : ciencias naturales 1. | ||
| 505 | 0 | _aLa célula, unidad de los seres vivos -- La nutrición de los seres vivos -- La clasificación de los seres vivos -- Los ecosistemas -- Biomas de la Argentina y del mundo -- El cuerpo humano -- La salud humana -- Los sistemas de materiales y sus propiedades -- La diversidad de la energía y sus transformaciones -- Las ondas y la energía -- Los movimientos -- La Tierra y el universo -- Los subsistemas terrestres y sus recursos | |
| 650 | 7 |
_aCiencias físicas y naturales _2spines |
|
| 650 | 7 |
_aCélulas (biología) _2spines |
|
| 650 | 7 |
_aNutrición _2spines |
|
| 650 | 7 |
_aTaxonomía _2spines |
|
| 650 | 7 |
_aEcosistemas _2spines |
|
| 650 | 7 |
_aRegiones climáticas _2spines |
|
| 650 | 7 |
_aFisiología _2spines |
|
| 650 | 7 |
_aSalud _2spines |
|
| 650 | 7 |
_aQuímica _2spines |
|
| 650 | 7 |
_aEnergía (física) _2spines |
|
| 650 | 7 |
_aMovimiento (física) _2spines |
|
| 650 | 7 |
_aAstronomía _2spines |
|
| 650 | 7 |
_aTierra (planeta) _2spines |
|
| 700 | 1 |
_aCarranza, Ariel, _eautor _4aut |
|
| 700 | 1 |
_aFranzetti, Silvana, _eeditora _4edt |
|
| 830 | 0 | _aNuevos desafíos (Kapeluz). | |
| 929 |
_aCOMPRA _bEl Monje Libros _cCompra 2015 Exp. 827-2158/15 _d213,30 (obra completa) _e20151229 _fPAT0062393 _j54242 |
||
| 929 |
_aCOMPRA _bEl Monje Libros _cCompra 2015 Exp. 827-2158/15 _d213,30 (obra completa) _e20151229 _fPAT0062394 _j54243 |
||
| 929 |
_aCOMPRA _bEl Monje Libros _cCompra 2015 Exp. 827-2158/15 _d213,30 (obra completa) _e20151229 _fPAT0063061 _j54770 |
||
| 942 |
_cLIB _n0 |
||
| 999 |
_c110 _d110 |
||